Στοιχεία αγγλικής νομικής ορολογίας : Τεύχος Α : Εισαγωγικές παρατηρήσεις και κείμενα

Αποθηκεύτηκε σε:
Λεπτομέρειες βιβλιογραφικής εγγραφής
Κύριος συγγραφέας: Περάκης, Ευάγγελος Εμμ
Μορφή: Βιβλίο
Γλώσσα:Greek
Δημοσίευση: Αθήνα : Χάρης Καρατζάς,
Θέματα:
Ετικέτες: Προσθήκη ετικέτας
Δεν υπάρχουν, Καταχωρήστε ετικέτα πρώτοι!

MARC

LEADER 00000nam a2200000 i 4500
001 1/21990
008 940927s1992 gre d
035 |l 10021816 
040 |a GR-MY-UA  |b gre  |e aacr 
041 0 |a gre 
082 0 |a 340.014 
100 1 |a Περάκης, Ευάγγελος Εμμ. 
245 1 0 |a Στοιχεία αγγλικής νομικής ορολογίας :  |b Τεύχος Α : Εισαγωγικές παρατηρήσεις και κείμενα /  |c Ευάγγελος Περάκης 
260 |a Αθήνα :   |b Χάρης Καρατζάς,  
650 0 0 |a Law  |x Terminology. 
852 |a INST  |b CHIOS  |e 19940927  |h 340.014 ΠΕΡ  |p 005200002846  |q 005200002846  |t BK  |y 0  |z τχ.1 
852 |a INST  |b CHIOS  |e 19940927  |h 340.014 ΠΕΡ  |p 005200002846  |q 005200002846  |t BK  |v τχ.1:  |y 0  |z τχ.1 
853 |a INST  |b CHIOS  |h 340.014 ΠΕΡ 
909 |a Χ  |b 029918